Normal view
MARC view
- Psychology
Entry Corporate Name
001 - CONTROL NUMBER
- control field: 212782
003 - CONTROL NUMBER IDENTIFIER
- control field: OSt
005 - DATE AND TIME OF LATEST TRANSACTION
- control field: 20250825114226.0
008 - FIXED-LENGTH DATA ELEMENTS
- fixed length control field: 250825|| aca||aabn | a|a d
040 ## - CATALOGING SOURCE
- Original cataloging agency: OSt
- Transcribing agency: OSt
110 ## - HEADING--CORPORATE NAME
- Corporate name or jurisdiction name as entry element: Psychology
670 ## - SOURCE DATA FOUND
- Source citation: Work cat.: (OSt)367445: Thakur Monika 212781, Textbook of Applied Psychology for Nurses, 2025